[Event "KOS-chT2"]
[Site "Pristina"]
[Date "2023.05.28"]
[Round "3"]
[White "Kastrati, Labinot"]
[Black "Cerkini, Jeton"]
[Result "1-0"]
[WhiteElo "1804"]
[BlackElo "2050"]
[PlyCount "65"]
[EventDate "2023.05.27"]
[EventType "team-swiss"]
[EventRounds "7"]
[EventCountry "KOS"]
[SourceTitle "CBM 214 Extra"]
[Source "ChessBase"]
[SourceDate "2023.07.31"]
[SourceVersion "1"]
[SourceVersionDate "2023.07.31"]
[SourceQuality "1"]
[WhiteTeam "Rahoveci"]
[BlackTeam "Ferizaji II"]
[WhiteTeamCountry "KOS"]
[BlackTeamCountry "KOS"]

1. e4 e6 2. d4 d5 3. Nc3 Bb4 4. e5 c5 5. a3 cxd4 6. axb4 dxc3 7. bxc3 Qc7 8. Qd4 Nc6 9. Bb5 Nge7 10. f4 0-0 11. Qc5 Bd7 12. Ne2 Nf5 13. Bd3 b6 14. Qf2 g6 15. g4 Ng7 16. b5 Na5 17. Ba3 Rfc8 18. Bd6 Qd8 19. Rb1 Nc4 20. Bxc4 Rxc4 21. Qe3 Qh4+ 22. Qg3 Qxg3+ 23. hxg3 h5 24. gxh5 Nxh5 25. Be7 a6 26. g4 Ng7 27. bxa6 Rxa6 28. Bf6 b5 29. Kd2 Ra2 30. Rh3 d4 31. Rbh1 dxc3+ 32. Kd3 Nh5 33. Rxh5 1-0

[Event "KOS-ch"]
[Site "Pristina"]
[Date "2022.11.12"]
[Round "2"]
[White "Kastrati, Labinot"]
[Black "Shtavica, Alaudin"]
[Result "1-0"]
[WhiteElo "1800"]
[BlackElo "1556"]
[PlyCount "93"]
[EventDate "2022.11.11"]
[EventType "swiss"]
[EventRounds "9"]
[EventCountry "KOS"]
[SourceTitle "CBM 211 Extra"]
[Source "ChessBase"]
[SourceDate "2023.01.31"]
[SourceVersion "1"]
[SourceVersionDate "2023.01.31"]
[SourceQuality "1"]

1. e4 e5 2. f4 exf4 3. Nf3 Nf6 4. e5 Ne4 5. d3 Ng5 6. Bxf4 Ne6 7. Bg3 d6 8. Be2 Nc6 9. d4 Ng5 10. Nc3 Bf5 11. 0-0 Nb4 12. Bb5+ c6 13. Ba4 Bg4 14. a3 Na6 15. Qd3 Bxf3 16. gxf3 Qb6 17. exd6 0-0-0 18. Bb3 Ne6 19. Bxe6+ fxe6 20. Ne4 h6 21. b4 Qb5 22. c4 Qf5 23. b5 Nb8 24. bxc6 Nxc6 25. d5 Ne5 26. Qc3 Nf7 27. Qb4 e5 28. Qc5+ Kb8 29. Qc7+ Ka8 30. Rab1 Qd7 31. c5 Bxd6 32. cxd6 Qxc7 33. dxc7 Rxd5 34. Rfc1 Rc8 35. Rb4 b6 36. Rbc4 Kb7 37. f4 exf4 38. Bxf4 g5 39. Bg3 h5 40. h3 Rd3 41. Rf1 Rxg3+ 42. Nxg3 Nd6 43. Rd4 Nb5 44. Rd7 h4 45. Ne4 Rxc7 46. Rxc7+ Kxc7 47. a4 1-0

[Event "Pristina Nderkombetar op"]
[Site "Pristina"]
[Date "2022.06.19"]
[Round "5"]
[White "Kastrati, Labinot"]
[Black "Gerguri, Arsim"]
[Result "0-1"]
[WhiteElo "1850"]
[BlackElo "1949"]
[PlyCount "93"]
[EventDate "2022.06.17"]
[EventType "swiss"]
[EventRounds "9"]
[EventCountry "KOS"]
[SourceTitle "CBM 209 Extra"]
[Source "ChessBase"]
[SourceDate "2022.09.30"]
[SourceVersion "1"]
[SourceVersionDate "2022.09.30"]
[SourceQuality "1"]

1. e4 c5 2. Nf3 Nc6 3. d4 cxd4 4. Nxd4 Nf6 5. Nc3 g6 6. Be3 Bg7 7. f3 0-0 8. Qd2 d5 9. Nxc6 bxc6 10. e5 Nd7 11. f4 e6 12. Na4 Qe7 13. b4 a5 14. a3 axb4 15. axb4 f6 16. Be2 fxe5 17. fxe5 Bxe5 18. Ra2 d4 19. Bg5 Qd6 20. Bc4 Ba6 21. Bb3 Bf4 22. Bxf4 Rxf4 23. Kd1 Raf8 24. Re1 Rf1 25. c4 Qe5 26. Nb6 Nxb6 27. Rxa6 Qh5+ 28. Qe2 Qxe2+ 29. Kxe2 R8f2+ 30. Kd1 Rxe1+ 31. Kxe1 Rb2 32. Rxb6 Rxb3 33. Rxc6 Rxb4 34. Kd2 Kf7 35. Kd3 e5 36. Ke4 Rb2 37. Rc7+ Kf6 38. Rxh7 Re2+ 39. Kd3 Re3+ 40. Kd2 Rc3 41. Rc7 e4 42. Rc5 e3+ 43. Kd1 d3 44. Rc6+ Ke5 45. Rc5+ Ke4 46. Rc8 e2+ 47. Kd2 0-1

[Event "Pristina Nderkombetar op"]
[Site "Pristina"]
[Date "2022.06.17"]
[Round "1"]
[White "Kastrati, Labinot"]
[Black "Dinev, Dejan"]
[Result "0-1"]
[WhiteElo "1850"]
[BlackElo "2202"]
[PlyCount "100"]
[EventDate "2022.06.17"]
[EventType "swiss"]
[EventRounds "9"]
[EventCountry "KOS"]
[SourceTitle "CBM 209 Extra"]
[Source "ChessBase"]
[SourceDate "2022.09.30"]
[SourceVersion "1"]
[SourceVersionDate "2022.09.30"]
[SourceQuality "1"]

1. e4 d6 2. d4 Nf6 3. Nc3 g6 4. f4 Bg7 5. Nf3 c6 6. Be2 0-0 7. 0-0 Na6 8. h3 c5 9. Be3 cxd4 10. Bxd4 Nc7 11. Qd2 Bd7 12. Rad1 Bc6 13. Bd3 Ne6 14. Be3 Qc7 15. Rfe1 Rfd8 16. Qf2 b6 17. f5 Nc5 18. Bd4 Qb7 19. fxg6 hxg6 20. Ng5 Nxd3 21. Rxd3 e5 22. Be3 Rd7 23. Qh4 Re8 24. Red1 d5 25. exd5 Bxd5 26. Qf2 Red8 27. Nxd5 Rxd5 28. Rxd5 Rxd5 29. Rf1 Qd7 30. Qe2 Qe7 31. Qc4 Rd7 32. Qc8+ Qd8 33. Qc4 Nd5 34. Bd2 Nf6 35. Bc3 Rc7 36. Qh4 Qd5 37. Re1 Rc4 38. Qf2 Ne4 39. Qh4 Nxc3 40. Qh7+ Kf8 41. bxc3 Rf4 42. Nf3 Qc5+ 43. Kh1 e4 44. Nh2 Qxc3 45. Rg1 e3 46. Ng4 e2 47. Qh4 Kg8 48. Qd8+ Bf8 49. Qe8 Rxg4 50. Qxe2 Rc4 0-1

[Event "KOS-ch"]
[Site "Pristina"]
[Date "2020.10.24"]
[Round "5"]
[White "Kastrati, Shaip"]
[Black "Kastrati, Labinot"]
[Result "0-1"]
[WhiteElo "1538"]
[BlackElo "1880"]
[PlyCount "72"]
[EventDate "2020.10.10"]
[EventType "swiss"]
[EventRounds "9"]
[EventCountry "KOS"]
[SourceTitle "EXT 2022"]
[Source "ChessBase"]
[SourceDate "2021.10.06"]
[SourceVersion "1"]
[SourceVersionDate "2021.10.06"]
[SourceQuality "1"]

1. e4 c5 2. Nf3 d6 3. d4 cxd4 4. Nxd4 Nf6 5. Nc3 a6 6. Bc4 e6 7. 0-0 Be7 8. Nf3 b5 9. Bd3 Bb7 10. a3 Qc7 11. Re1 Nbd7 12. Be3 0-0 13. Qd2 Rfe8 14. b4 Rac8 15. e5 dxe5 16. Bc5 Bxc5 17. bxc5 Qxc5 18. Ne4 Nxe4 19. Bxe4 Bxe4 20. Rxe4 Qxc2 21. Qe3 f6 22. Qe1 Qc3 23. Qf1 Nb6 24. Re3 Qc5 25. Nd2 Nd5 26. Rg3 Qd4 27. Nb3 Qb6 28. h4 Rc2 29. Qe1 Nf4 30. Nd2 Rd8 31. Ne4 Ne2+ 32. Kh2 Nxg3 33. fxg3 f5 34. Ng5 h6 35. Nf3 e4 36. Ne5 Rdd2 0-1

[Event "Pristina op"]
[Site "Pristina"]
[Date "2015.06.16"]
[Round "5"]
[White "Podlesnik, Bogdan"]
[Black "Kastrati, Labinot"]
[Result "1-0"]
[WhiteElo "2366"]
[BlackElo "1672"]
[PlyCount "51"]
[EventDate "2015.06.13"]
[EventType "swiss"]
[EventRounds "9"]
[EventCountry "KOS"]
[SourceTitle "CBM 167 Extra"]
[Source "ChessBase"]
[SourceDate "2015.09.14"]
[SourceVersion "1"]
[SourceVersionDate "2015.09.14"]
[SourceQuality "1"]

1. e4 c5 2. Nc3 d6 3. f4 e6 4. Nf3 a6 5. d4 cxd4 6. Nxd4 Nf6 7. Qf3 e5 8. Nb3 b5 9. Bd3 Qc7 10. f5 Bb7 11. g4 h6 12. Bd2 Nbd7 13. 0-0-0 Be7 14. h4 Nc5 15. Kb1 b4 16. Nd5 Bxd5 17. Nxc5 Bxa2+ 18. Kxa2 dxc5 19. g5 Nd7 20. f6 gxf6 21. gxf6 Nxf6 22. Bc4 Qc6 23. Be3 Rd8 24. Rxd8+ Bxd8 25. Rd1 Qxe4 26. Rxd8+ 1-0

[Event "Pristina op"]
[Site "Pristina"]
[Date "2015.06.14"]
[Round "3"]
[White "Kastrati, Labinot"]
[Black "Ibraimi, Ruzdi"]
[Result "1-0"]
[WhiteElo "1672"]
[BlackElo "2034"]
[PlyCount "56"]
[EventDate "2015.06.13"]
[EventType "swiss"]
[EventRounds "9"]
[EventCountry "KOS"]
[SourceTitle "CBM 167 Extra"]
[Source "ChessBase"]
[SourceDate "2015.09.14"]
[SourceVersion "1"]
[SourceVersionDate "2015.09.14"]
[SourceQuality "1"]

1. e4 c5 2. Nf3 Nc6 3. d4 cxd4 4. Nxd4 e5 5. Nb5 d6 6. N1c3 a6 7. Na3 f5 8. exf5 Bxf5 9. Bd3 Bxd3 10. Qxd3 Nf6 11. Bg5 Be7 12. Bxf6 Bxf6 13. Nc4 Nd4 14. Nd5 0-0 15. c3 e4 16. Nxf6+ Qxf6 17. Qxd4 Qf4 18. 0-0 Rad8 19. Qd5+ Kh8 20. Qxb7 d5 21. Ne3 Rb8 22. Qxa6 Rxb2 23. Nxd5 Qf7 24. Ne3 Rxf2 25. Qc4 Qf4 26. Ng4 Rxf1+ 27. Rxf1 Qd6 28. Rxf8+ Qxf8 1-0

[Event "Pristina op"]
[Site "Pristina"]
[Date "2015.06.13"]
[Round "1"]
[White "Kastrati, Labinot"]
[Black "Pasko, Llambi"]
[Result "0-1"]
[WhiteElo "1672"]
[BlackElo "2322"]
[PlyCount "35"]
[EventDate "2015.06.13"]
[EventType "swiss"]
[EventRounds "9"]
[EventCountry "KOS"]
[SourceTitle "CBM 167 Extra"]
[Source "ChessBase"]
[SourceDate "2015.09.14"]
[SourceVersion "1"]
[SourceVersionDate "2015.09.14"]
[SourceQuality "1"]

1. e4 g6 2. d4 Bg7 3. f4 c5 4. Nf3 cxd4 5. Nxd4 Nc6 6. Nxc6 bxc6 7. Nc3 d6 8. Be3 Nf6 9. Be2 Qa5 10. Qd2 Rb8 11. Rb1 Ng4 12. Bd4 e5 13. fxe5 dxe5 14. Be3 0-0 15. Bxg4 Bxg4 16. 0-0 Be6 17. a3 Bc4 18. Rfd1 0-1